000 00597pam a2200229 a 4500
001 3382744
005 20180220033824.0
008 880520s1988 maua b 001 0 eng
010 _a 88016336
020 _a0875841848 (alk. paper)
040 _aDLC
_cDLC
_dDLC
041 _aeng
080 _a658.401 ANT
082 0 0 _a658.401 ANT
_219
100 1 _a54
101 _aMEN
245 1 4 _aThe management control function /
_cby Robert N. Anthony.
504 _aBibliography: p. 205-207.
906 _a7
_bcbc
_corignew
_d1
_eocip
_f19
_gy-gencatlg
942 _2ddc
_cBK
999 _c42872
_d42872